000 00683na a2200253 4500
001 21888
003 MIRAKIL
005 20181213155009.0
008 170208b tu 000 0
020 _a9789944602822
040 _aMilas
_btur
_cTR-AnCHP
041 _atur
082 _a338.6409
_bA22 2008
090 _a338.6409 A22 2008
245 _aAdana sanayi tarihi
_cAdana Sanayi Odası
260 _aAdana
_bAdana Sanayi Odası
_c2008
300 _a224 s.
_bres.; fotğ.; hrt.
_c25x27 sm.
610 _aAdana Sanayi Odası
650 _aSanayi
_xTarih
_zAdana
651 _aAdana
_xSanayi
657 _aSanayi tarihi
710 _aAdana Sanayi Odası
942 _2ddc
_cBKS
999 _c4542
_d4542